New and improved (Record no. 80266)

MARC details
000 -LEADER
fixed length control field 00980cab a22001935a 4500
001 - CONTROL NUMBER
control field L143769
008 - FIXED-LENGTH DATA ELEMENTS--GENERAL INFORMATION
fixed length control field 080530e20080523xxk f 000 0 eng d
035 ## - SYSTEM CONTROL NUMBER
System control number (Sirsi) u143769
041 0# - LANGUAGE CODE
Language code of text/sound track or separate title eng
100 1# - MAIN ENTRY--PERSONAL NAME
Personal name Merrick, Neil
245 00 - TITLE STATEMENT
Title New and improved
260 ## - PUBLICATION, DISTRIBUTION, ETC.
Date of publication, distribution, etc. 2008
490 ## - SERIES STATEMENT
Series statement Inside Housing
Volume/sequential designation 23 May 2008, 20-22(3)
520 ## - SUMMARY, ETC.
Summary, etc. Considers the problems associated with the project of building entire towns from scratch. The government's eco-town plans propose just such projects. Examines the problems which were encountered with the building of new towns after World War Two. Covers problems with flat blocks, gridded road systems and a lack of forward planning in building amenities. Reports that eco town planners are attempting to design road plans which favour public transport. Also considers the need for good transport links to neighbouring settlements.
590 ## - LOCAL NOTE (RLIN)
Local note KA
651 #4 - SUBJECT ADDED ENTRY--GEOGRAPHIC NAME
Geographic name England
Chronological subdivision 886-
690 ## - LOCAL SUBJECT ADDED ENTRY--TOPICAL TERM (OCLC, RLIN)
Topical term or geographic name as entry element Planning and development
9 (RLIN) 6259
942 ## - ADDED ENTRY ELEMENTS (KOHA)
Suppress in OPAC 0
Holdings
Withdrawn status Lost status Source of classification or shelving scheme Damaged status Not for loan Home library Current library Shelving location Date acquired Total Checkouts Full call number Barcode Date last seen Copy number Price effective from Koha item type
    Dewey Decimal Classification     London London Journal article 30/05/2008   L143769 143769-1001 06/08/2019 1 06/08/2019 Journal article